Evolución geológica de las Sierras de Curamalal /

Guardado en:
Autor Principal: Calmels, Augusto Pablo.
Autor Corporativo: Universidad Nacional del Sur.
Formato: Libro
Idioma:Spanish
Publicado: Bahía Blanca : Universidad Nacional del Sur, Extensión Cultural, 1962.
Series:La Brújula
Etiquetas: Agregar Etiqueta
Sin Etiquetas, Sea el primero en etiquetar este registro!
LEADER 00565nam a22001575a 4500
001 EEA.libagro004752
005 20181029100837.0
008 130809s1962####ag#a##########000#0#spa#d
082 0 4 |a 558.212 
100 1 |a Calmels, Augusto Pablo. 
245 1 0 |a Evolución geológica de las Sierras de Curamalal /  |c Augusto Pablo Calmels. 
260 |a Bahía Blanca :  |b Universidad Nacional del Sur, Extensión Cultural,  |c 1962. 
300 |a 36 p. :  |b il. ;  |c 21 cm. 
490 1 |a La Brújula 
710 2 |a Universidad Nacional del Sur. 
859 |a AR-BbBCA  |b BIB. AGRONOMIA  |h 558.212  |i C164  |p 1994/2000